00354cam a22001217a 4500008004000000082001500040245003000055260006300085300001000148650002800158650002200186650002400208180718b1996 xxu||||| |||| 00| 0 eng d aABx54 K899 aNew beginnings: raja yoga aRajasthanbBrahma Kumaris Ishwariya Vishwa Vidyalayac1996 a185p. aThe spritual Revolution aThe wheel of life aSoul- Consciousness